<?xml version="1.0" encoding="UTF-8"?>
<record
    xmlns:xsi="http://www.w3.org/2001/XMLSchema-instance"
    xsi:schemaLocation="http://www.loc.gov/MARC21/slim http://www.loc.gov/standards/marcxml/schema/MARC21slim.xsd"
    xmlns="http://www.loc.gov/MARC21/slim">

  <leader>00851    a2200217   4500</leader>
  <controlfield tag="005">20080925140315.0</controlfield>
  <controlfield tag="008">080925t        xxu||||| |||| 00| 0 eng d</controlfield>
  <datafield tag="010" ind1=" " ind2=" ">
    <subfield code="a">ENG-87912</subfield>
  </datafield>
  <datafield tag="020" ind1=" " ind2=" ">
    <subfield code="a">8189557769</subfield>
    <subfield code="c">750.00</subfield>
  </datafield>
  <datafield tag="035" ind1=" " ind2=" ">
    <subfield code="a">EN-71445</subfield>
  </datafield>
  <datafield tag="037" ind1=" " ind2=" ">
    <subfield code="b">DBAD / PUB</subfield>
  </datafield>
  <datafield tag="082" ind1=" " ind2=" ">
    <subfield code="a">954.0841</subfield>
  </datafield>
  <datafield tag="100" ind1=" " ind2=" ">
    <subfield code="a">Pradhan, K.B.</subfield>
  </datafield>
  <datafield tag="245" ind1=" " ind2=" ">
    <subfield code="a">Freedom movement in India</subfield>
    <subfield code="c">by K.B. Pradhan</subfield>
  </datafield>
  <datafield tag="260" ind1=" " ind2=" ">
    <subfield code="a">New Delhi</subfield>
    <subfield code="b">Arise Publishers &amp; Distributors</subfield>
    <subfield code="c">2007</subfield>
  </datafield>
  <datafield tag="270" ind1=" " ind2=" ">
    <subfield code="a">4648/1, 21, Ansari Road, Darya Ganj,</subfield>
    <subfield code="b">New Delhi</subfield>
    <subfield code="e">110 002</subfield>
  </datafield>
  <datafield tag="300" ind1=" " ind2=" ">
    <subfield code="a">v, 376p.</subfield>
    <subfield code="c">22cm. (Hb)</subfield>
  </datafield>
  <datafield tag="500" ind1=" " ind2=" ">
    <subfield code="a">Includes  bibliographical references and index</subfield>
  </datafield>
  <datafield tag="942" ind1=" " ind2=" ">
    <subfield code="a">dpl</subfield>
    <subfield code="c">EN</subfield>
    <subfield code="k">954.0841 / PRA</subfield>
    <subfield code="2">ddc</subfield>
    <subfield code="h">954.0841</subfield>
    <subfield code="m">PRA</subfield>
  </datafield>
  <datafield tag="999" ind1=" " ind2=" ">
    <subfield code="c">7374</subfield>
    <subfield code="d">7374</subfield>
  </datafield>
  <datafield tag="952" ind1=" " ind2=" ">
    <subfield code="0">0</subfield>
    <subfield code="1">0</subfield>
    <subfield code="2">ddc</subfield>
    <subfield code="4">0</subfield>
    <subfield code="7">1</subfield>
    <subfield code="8">NFIC</subfield>
    <subfield code="a">DBAD</subfield>
    <subfield code="b">DBAD</subfield>
    <subfield code="d">2008-09-25</subfield>
    <subfield code="g">750.00</subfield>
    <subfield code="l">0</subfield>
    <subfield code="o">954.0841 PRA</subfield>
    <subfield code="p">EN-71445</subfield>
    <subfield code="r">2008-09-15 00:00:00</subfield>
    <subfield code="t">1</subfield>
    <subfield code="u">8255</subfield>
    <subfield code="v">750.00</subfield>
    <subfield code="w">2008-09-15</subfield>
    <subfield code="y">EN</subfield>
  </datafield>
</record>
